Macroeconomics : Theory and Policy (Record no. 11145)
[ view plain ]
| 000 -LEADER | |
|---|---|
| fixed length control field | 00441nam a22001697a 4500 |
| 003 - CONTROL NUMBER IDENTIFIER | |
| control field | OSt |
| 008 - FIXED-LENGTH DATA ELEMENTS--GENERAL INFORMATION | |
| fixed length control field | 220413b ||||| |||| 00| 0 eng d |
| 020 ## - INTERNATIONAL STANDARD BOOK NUMBER | |
| International Standard Book Number | 9789353163334 |
| 082 ## - DEWEY DECIMAL CLASSIFICATION NUMBER | |
| Classification number | 339.DWM |
| 100 ## - MAIN ENTRY--PERSONAL NAME | |
| Personal name | DWIVEDI, D.N. |
| 245 ## - TITLE STATEMENT | |
| Title | Macroeconomics : Theory and Policy |
| 250 ## - EDITION STATEMENT | |
| Edition statement | 15th Edition |
| 260 ## - PUBLICATION, DISTRIBUTION, ETC. (IMPRINT) | |
| Place of publication, distribution, etc | Tamil Nadu, India |
| Name of publisher, distributor, etc | TMH |
| Date of publication, distribution, etc | 2019 |
| 300 ## - PHYSICAL DESCRIPTION | |
| Extent | 740 |
| 650 ## - SUBJECT ADDED ENTRY--TOPICAL TERM | |
| Topical term or geographic name as entry element | Macroeconomics: Theory and Policy Economics |
| 942 ## - ADDED ENTRY ELEMENTS (KOHA) | |
| Source of classification or shelving scheme | Dewey Decimal Classification |
| Koha item type | Text Books |
| 942 ## - ADDED ENTRY ELEMENTS (KOHA) | |
| -- | 9 |
| Withdrawn status | Lost status | Source of classification or shelving scheme | Damaged status | Not for loan | Collection code | Home library | Current library | Date acquired | Source of acquisition | Currency | Cost, normal purchase price | Bill Number | Total Checkouts | Full call number | Acc. no. / Barcode | Date last seen | Actual Cost, discounted price | Bill Date | Koha item type | Date last borrowed |
|---|---|---|---|---|---|---|---|---|---|---|---|---|---|---|---|---|---|---|---|---|
| Dewey Decimal Classification | B.A Economics | PIET NCR College Library | PIET NCR College Library | 01/04/2022 | Kirti Prakashan | Indian Rup | 815.00 | IN10 | 339.DWM | N2271 | 13/04/2022 | 554.20 | 01/04/2022 | Text Books | ||||||
| Dewey Decimal Classification | B.A Economics | PIET NCR College Library | PIET NCR College Library | 01/04/2022 | Kirti Prakashan | Indian Rup | 815.00 | IN10 | 2 | 339.DWM | N2272 | 18/09/2023 | 554.20 | 01/04/2022 | Text Books | 07/10/2022 | ||||
| Dewey Decimal Classification | B.A Economics | PIET NCR College Library | PIET NCR College Library | 01/04/2022 | Kirti Prakashan | Indian Rup | 815.00 | IN10 | 3 | 339.DWM | N2273 | 16/10/2023 | 554.20 | 01/04/2022 | Text Books | 15/05/2023 | ||||
| Dewey Decimal Classification | B.A Economics | PIET NCR College Library | PIET NCR College Library | 01/04/2022 | Kirti Prakashan | Indian Rup | 815.00 | IN10 | 5 | 339.DWM | N2274 | 15/05/2023 | 554.20 | 01/04/2022 | Text Books | 25/04/2023 | ||||
| Dewey Decimal Classification | B.A Economics | PIET NCR College Library | PIET NCR College Library | 01/04/2022 | Kirti Prakashan | Indian Rup | 815.00 | IN10 | 3 | 339.DWM | N2275 | 06/12/2023 | 554.20 | 01/04/2022 | Text Books | 04/01/2023 |